[Event "SVK-chT 2223"]
[Site "Slovakia"]
[Date "2023.04.02"]
[Round "11.1"]
[White "Malinovsky, Karel"]
[Black "Mrva, Martin"]
[Result "1-0"]
[WhiteElo "2463"]
[BlackElo "2379"]
[PlyCount "153"]
[EventDate "2022.10.22"]
[EventType "team-tourn"]
[EventRounds "11"]
[EventCountry "SVK"]
[SourceTitle "EXT 2024"]
[Source "ChessBase"]
[SourceDate "2023.10.10"]
[SourceVersion "1"]
[SourceVersionDate "2023.10.10"]
[SourceQuality "1"]
[WhiteTeam "Bratislava Slovan"]
[BlackTeam "Humenne Reinter"]
[WhiteTeamCountry "SVK"]
[BlackTeamCountry "SVK"]

1. e4 c5 2. Nf3 d6 3. d4 cxd4 4. Nxd4 Nf6 5. Nc3 a6 6. Be2 e5 7. Nb3 Be7 8. Be3 Be6 9. Nd5 Nbd7 10. Qd3 Rc8 11. c4 Nc5 12. Nxc5 dxc5 13. 0-0-0 Bxd5 14. exd5 Bd6 15. Bg5 h6 16. Bh4 Rb8 17. Qf5 Qd7 18. Bd3 b5 19. Bxf6 Qxf5 20. Bxf5 gxf6 21. Rhe1 Ke7 22. Re4 Rbg8 23. g3 Rg5 24. g4 h5 25. f4 Rxg4 26. Bxg4 hxg4 27. fxe5 Bxe5 28. Rxg4 Rxh2 29. Rd2 f5 30. Rgg2 Rh1+ 31. Kc2 bxc4 32. d6+ Bxd6 33. Rge2+ Kd7 34. Re5 Rh2 35. Rxf5 Rxd2+ 36. Kxd2 Ke6 37. Rf3 Be5 38. Kc2 f5 39. Ra3 Kd5 40. Rxa6 f4 41. Ra8 f3 42. Rf8 Ke4 43. a4 Bc7 44. Kc3 Bf4 45. Re8+ Kf5 46. Re1 Be5+ 47. Kxc4 Bxb2 48. a5 Be5 49. Kd5 Bc3 50. a6 Bxe1 51. a7 f2 52. a8Q Bc3 53. Qa6 Bd4 54. Qd3+ Kf4 55. Qh3 Be3 56. Kc4 Bd4 57. Kd3 Ke5 58. Qf3 Kd6 59. Qf5 Kc6 60. Ke4 Kd6 61. Qd5+ Ke7 62. Qb7+ Kf6 63. Qa6+ Kg5 64. Qf1 Kf6 65. Kd5 Kf5 66. Qh3+ Kf4 67. Kc4 Ke4 68. Qd3+ Kf4 69. Kd5 Kg5 70. Qf3 Kg6 71. Ke6 Kg7 72. Qf5 Be3 73. Ke7 Bd4 74. Qg5+ Kh7 75. Qg2 Kh6 76. Ke6 Be3 77. Kf5 1-0

[Event "CZE-chT 2223"]
[Site "Czech Republic"]
[Date "2023.03.25"]
[Round "10.2"]
[White "Carlsson, Pontus"]
[Black "Malinovsky, Karel"]
[Result "1/2-1/2"]
[WhiteElo "2458"]
[BlackElo "2463"]
[PlyCount "31"]
[EventDate "2022.10.15"]
[EventType "team-tourn"]
[EventRounds "11"]
[EventCountry "CZE"]
[SourceTitle "CBM 213 Extra"]
[Source "ChessBase"]
[SourceDate "2023.05.31"]
[SourceVersion "1"]
[SourceVersionDate "2023.05.31"]
[SourceQuality "1"]
[WhiteTeam "Praha Dopravni Podnik"]
[BlackTeam "Kromeriz Slavia"]
[WhiteTeamCountry "CZE"]
[BlackTeamCountry "CZE"]

1. e4 e5 2. Nf3 Nc6 3. Bb5 a6 4. Ba4 Nf6 5. 0-0 Be7 6. Re1 b5 7. Bb3 0-0 8. d3 d6 9. a4 Bb7 10. Nbd2 Nd7 11. axb5 axb5 12. Rxa8 Qxa8 13. Nf1 Na5 14. Ba2 Nc6 15. Bb3 Na5 16. Ba2 1/2-1/2

[Event "CZE-chT 2223"]
[Site "Czech Republic"]
[Date "2023.02.19"]
[Round "8.5"]
[White "Hracek, Zbynek"]
[Black "Malinovsky, Karel"]
[Result "1/2-1/2"]
[WhiteElo "2542"]
[BlackElo "2463"]
[PlyCount "45"]
[EventDate "2022.10.15"]
[EventType "team-tourn"]
[EventRounds "11"]
[EventCountry "CZE"]
[SourceTitle "CBM 213 Extra"]
[Source "ChessBase"]
[SourceDate "2023.05.31"]
[SourceVersion "1"]
[SourceVersionDate "2023.05.31"]
[SourceQuality "1"]
[WhiteTeam "Pardubice"]
[BlackTeam "Kromeriz Slavia"]
[WhiteTeamCountry "CZE"]
[BlackTeamCountry "CZE"]

1. c4 e6 2. Nf3 d5 3. d4 Nf6 4. Nc3 Be7 5. cxd5 exd5 6. Bf4 0-0 7. e3 Bf5 8. h3 c6 9. g4 Bg6 10. Ne5 Qb6 11. Nxg6 hxg6 12. Qc2 Nbd7 13. Bd3 Rfc8 14. Qb3 Qxb3 15. axb3 Ne8 16. g5 Bd6 17. Bxd6 Nxd6 18. b4 a6 19. h4 Kf8 20. Kd2 Ke7 21. Rae1 Rh8 22. Rh3 Rae8 23. Reh1 1/2-1/2

[Event "CZE-chT1E 2223"]
[Site "Czech Republic"]
[Date "2022.10.09"]
[Round "2.3"]
[White "Malinovsky, Karel"]
[Black "Zylka, Stanislaw"]
[Result "1/2-1/2"]
[WhiteElo "2463"]
[BlackElo "2410"]
[PlyCount "99"]
[EventDate "2022.10.08"]
[EventType "team-tourn"]
[EventRounds "11"]
[EventCountry "CZE"]
[SourceTitle "CBM 210 Extra"]
[Source "ChessBase"]
[SourceDate "2022.11.30"]
[SourceVersion "1"]
[SourceVersionDate "2022.11.30"]
[SourceQuality "1"]
[WhiteTeam "Stare Mesto"]
[BlackTeam "Orlova Slavia"]
[WhiteTeamCountry "CZE"]
[BlackTeamCountry "CZE"]

1. e4 e6 2. d4 d5 3. Nc3 Nf6 4. e5 Nfd7 5. f4 c5 6. Nf3 Nc6 7. Be3 Be7 8. Qd2 0-0 9. dxc5 Qa5 10. 0-0-0 b6 11. Bb5 Nb4 12. a3 bxc5 13. Kb1 Rb8 14. axb4 cxb4 15. Nxd5 exd5 16. Bxd7 Bxd7 17. Qxd5 Qxd5 18. Rxd5 Bc6 19. Ra5 Rfc8 20. b3 Be4 21. Rc1 a6 22. Nd4 Rc3 23. Bd2 Rc7 24. Re1 Bxg2 25. Nf5 Bf8 26. Rxa6 Bc5 27. Nd6 Bf2 28. Rc1 h5 29. Ra4 Bc5 30. Re1 h4 31. Be3 h3 32. Bxc5 Rxc5 33. Ra7 Rf8 34. Re3 Rd5 35. Rd3 Rxd3 36. cxd3 Bd5 37. Kc2 f6 38. Nf5 Rf7 39. Rxf7 Kxf7 40. exf6 Kxf6 41. Ne3 Bf3 42. d4 Be4+ 43. Kd2 Ke6 44. Nc2 Kf5 45. Nxb4 Kxf4 46. d5 g5 47. d6 Bf5 48. Ke2 Ke5 49. Kf2 Kxd6 50. Na2 1/2-1/2

[Event "Trnava Reti Memorial GM"]
[Site "Trnava"]
[Date "2022.08.14"]
[Round "5"]
[White "Jablonicky, Martin"]
[Black "Malinovsky, Karel"]
[Result "1/2-1/2"]
[WhiteElo "2343"]
[BlackElo "2461"]
[PlyCount "64"]
[EventDate "2022.08.10"]
[EventType "tourn"]
[EventRounds "9"]
[EventCountry "SVK"]
[EventCategory "6"]
[SourceTitle "CBM 209 Extra"]
[Source "ChessBase"]
[SourceDate "2022.09.30"]
[SourceVersion "1"]
[SourceVersionDate "2022.09.30"]
[SourceQuality "1"]

1. d4 d5 2. c4 e6 3. Nc3 Be7 4. Nf3 Nf6 5. Bf4 0-0 6. e3 b6 7. Be2 Bb7 8. 0-0 c5 9. cxd5 Nxd5 10. Nxd5 Qxd5 11. dxc5 Bxc5 12. a3 Nd7 13. b4 Be7 14. Rc1 Nf6 15. Qa4 a5 16. b5 Rac8 17. Bc7 Qa2 18. Qd1 Nd5 19. Bc4 Qxa3 20. Bxd5 Bxd5 21. Bxb6 Bb3 22. Qd2 Rxc1 23. Qxc1 Qxc1 24. Rxc1 a4 25. Nd4 Bd5 26. Nc6 Bxc6 27. bxc6 Rc8 28. Kf1 a3 29. Bc5 Kf8 30. Rc3 Bxc5 31. Rxc5 Ke7 32. Ra5 Rxc6 1/2-1/2

[Event "Ceske Budejovice GM"]
[Site "Ceske Budejovice"]
[Date "2022.07.05"]
[Round "5"]
[White "Donchenko, Alexander"]
[Black "Malinovsky, Karel"]
[Result "1-0"]
[WhiteElo "2640"]
[BlackElo "2463"]
[PlyCount "91"]
[EventDate "2022.07.01"]
[EventType "tourn"]
[EventRounds "9"]
[EventCountry "CZE"]
[EventCategory "10"]
[SourceTitle "CBM 209 Extra"]
[Source "ChessBase"]
[SourceDate "2022.09.30"]
[SourceVersion "1"]
[SourceVersionDate "2022.09.30"]
[SourceQuality "1"]

1. d4 d5 2. c4 e6 3. Nc3 Nf6 4. cxd5 exd5 5. Bg5 c6 6. e3 Bf5 7. Qf3 Be6 8. Bxf6 Qxf6 9. Qxf6 gxf6 10. Bd3 Nd7 11. Nge2 Nb6 12. Nf4 h5 13. h4 Bd6 14. Nce2 Ke7 15. Rc1 Rag8 16. 0-0 a5 17. a3 a4 18. Rc3 f5 19. Rb1 Kf6 20. g3 Ra8 21. Kg2 Nc8 22. Nh3 Ne7 23. Nc1 b6 24. Be2 c5 25. Nd3 cxd4 26. exd4 Ng6 27. Rc6 Ke7 28. Rxb6 f4 29. Nhxf4 Nxf4+ 30. Nxf4 Bxf4 31. gxf4 Rhg8+ 32. Kh2 Rac8 33. Rg1 Bg4 34. f3 Bd7 35. Rxg8 Rxg8 36. Bd3 Rc8 37. Rb7 Kd6 38. Rxd7+ Kxd7 39. Bf5+ Kd8 40. Bxc8 Kxc8 41. Kg3 Kd7 42. Kf2 Kc6 43. Ke3 Kb5 44. Kd3 f5 45. Kc3 Ka5 46. b3 1-0

[Event "Ceske Budejovice GM"]
[Site "Ceske Budejovice"]
[Date "2022.07.04"]
[Round "4"]
[White "Malinovsky, Karel"]
[Black "Hollan, Martin"]
[Result "1-0"]
[WhiteElo "2463"]
[BlackElo "2399"]
[PlyCount "81"]
[EventDate "2022.07.01"]
[EventType "tourn"]
[EventRounds "9"]
[EventCountry "CZE"]
[EventCategory "10"]
[SourceTitle "CBM 209 Extra"]
[Source "ChessBase"]
[SourceDate "2022.09.30"]
[SourceVersion "1"]
[SourceVersionDate "2022.09.30"]
[SourceQuality "1"]

1. e4 e5 2. Nf3 Nc6 3. Bb5 Nge7 4. Nc3 Ng6 5. d4 exd4 6. Nxd4 Nxd4 7. Qxd4 c6 8. Be2 Qb6 9. Qd3 Be7 10. 0-0 0-0 11. a4 d6 12. a5 Qd8 13. Be3 Kh8 14. Bh5 f5 15. Bxg6 hxg6 16. Qd2 fxe4 17. Nxe4 d5 18. Bc5 Bxc5 19. Nxc5 Qf6 20. Qb4 Rb8 21. Na6 c5 22. Nxc5 b6 23. Nd3 Bf5 24. Qd2 Rbc8 25. axb6 axb6 26. Ra4 Rc4 27. b3 Rxa4 28. bxa4 Qc6 29. Nb4 Qxa4 30. c3 Rc8 31. h3 Qb3 32. Rc1 Be6 33. Re1 Bf7 34. Re3 Qb1+ 35. Kh2 Qf5 36. Nd3 d4 37. cxd4 Bd5 38. Re5 Qf7 39. Nf4 Bb3 40. Qe3 Bc2 41. Ne6 1-0

[Event "SVK-chT 2122"]
[Site "Slovakia"]
[Date "2022.05.07"]
[Round "7.4"]
[White "Malinovsky, Karel"]
[Black "Mrva, Martin"]
[Result "1/2-1/2"]
[WhiteElo "2470"]
[BlackElo "2391"]
[PlyCount "148"]
[EventDate "2021.10.23"]
[EventType "team-tourn"]
[EventRounds "11"]
[EventCountry "SVK"]
[SourceTitle "EXT 2023"]
[Source "ChessBase"]
[SourceDate "2022.10.05"]
[SourceVersion "1"]
[SourceVersionDate "2022.10.05"]
[SourceQuality "1"]
[WhiteTeam "Bratislava Slovan"]
[BlackTeam "Humenne Reinter"]
[WhiteTeamCountry "SVK"]
[BlackTeamCountry "SVK"]

1. e4 d6 2. d4 a6 3. f4 c5 4. Nf3 cxd4 5. Nxd4 Qc7 6. Nc3 e6 7. Be2 b5 8. a3 Bb7 9. 0-0 Nc6 10. Nb3 Nf6 11. Bf3 Be7 12. Qe2 0-0 13. g4 Rfe8 14. g5 Nd7 15. Be3 Nb6 16. Rad1 Na4 17. Nxa4 bxa4 18. Nd2 e5 19. c3 exf4 20. Bxf4 Ne5 21. Bg2 Bc6 22. Qf2 Bd8 23. Rb1 Qb7 24. Qg3 Bb5 25. Rfd1 Bb6+ 26. Kh1 Qa7 27. Bxe5 dxe5 28. Nf3 Bc4 29. Bh3 Re7 30. Bf1 Bb3 31. Qg4 Qb7 32. Re1 Rd8 33. Nh4 g6 34. Qe2 Red7 35. Nf3 Rd6 36. Rbc1 Qc7 37. h4 Qc5 38. Qh2 Bd1 39. Be2 Bxe2 40. Qxe2 Qc8 41. Qg2 Rd3 42. Rc2 Qe6 43. Rd2 Rxd2 44. Nxd2 f5 45. Qe2 f4 46. Qc4 Kf7 47. Re2 Ke7 48. Qxe6+ Kxe6 49. Kg2 Rd3 50. Nf3 Be3 51. Ne1 Rd1 52. Nc2 Bc5 53. Ne1 Kd6 54. Kf3 Kc6 55. Kg2 Kd6 56. Nf3 Be3 57. Rc2 Rc1 58. Re2 a5 59. Ne1 Rb1 60. Nd3 Rg1+ 61. Kh2 Rg4 62. Kh3 Rg3+ 63. Kh2 Bg1+ 64. Kh1 f3 65. Rd2 Be3 66. Kh2 Rg4 67. Rd1 Ke6 68. Kh3 Rg2 69. Re1 Bf4 70. Rf1 Rg3+ 71. Kh2 Rg4+ 72. Kh3 Rg3+ 73. Kh2 Rg4+ 74. Kh3 Rg3+ 1/2-1/2

[Event "SVK-chT 2122"]
[Site "Slovakia"]
[Date "2022.03.13"]
[Round "6.3"]
[White "Malinovsky, Karel"]
[Black "Horvath, Jozsef"]
[Result "1-0"]
[WhiteElo "2470"]
[BlackElo "2435"]
[PlyCount "111"]
[EventDate "2021.10.23"]
[EventType "team-tourn"]
[EventRounds "11"]
[EventCountry "SVK"]
[SourceTitle "EXT 2023"]
[Source "ChessBase"]
[SourceDate "2022.10.05"]
[SourceVersion "1"]
[SourceVersionDate "2022.10.05"]
[SourceQuality "1"]
[WhiteTeam "Bratislava Slovan"]
[BlackTeam "Podhajska Aquamarin"]
[WhiteTeamCountry "SVK"]
[BlackTeamCountry "SVK"]

1. e4 d6 2. d4 Nf6 3. Nc3 e5 4. dxe5 dxe5 5. Qxd8+ Kxd8 6. Bc4 Ke8 7. Nf3 Bd6 8. Bg5 Nbd7 9. 0-0-0 a6 10. a4 h6 11. Bh4 b6 12. Rhe1 Bb7 13. Bg3 Kf8 14. Nd5 Re8 15. c3 Nxd5 16. Bxd5 Bxd5 17. Rxd5 Re6 18. Kc2 Ke7 19. Rdd1 Rb8 20. Nd2 c6 21. f3 g6 22. Ra1 Bc7 23. Bf2 h5 24. b4 Kd8 25. h3 Kc8 26. g4 Kb7 27. gxh5 gxh5 28. Rg1 Rg6 29. Rxg6 fxg6 30. Rg1 Rg8 31. Kd3 b5 32. axb5 axb5 33. Nb3 Bd6 34. Ke2 Nb6 35. Bc5 Bxc5 36. Nxc5+ Kc7 37. Nd3 Nc4 38. Ra1 g5 39. Ra7+ Kb8 40. Re7 g4 41. hxg4 hxg4 42. Nxe5 Nxe5 43. Rxe5 gxf3+ 44. Kxf3 Kc7 45. Re6 Rd8 46. Ke3 Kb6 47. Rf6 Rd1 48. e5 Rc1 49. Kd2 Rh1 50. e6 Rh5 51. Ke3 Kc7 52. Ke4 Rh1 53. Kf5 Rf1+ 54. Kg6 Re1 55. Kf7 Rd1 56. Rf3 1-0

[Event "SVK-chT 2122"]
[Site "Slovakia"]
[Date "2022.02.20"]
[Round "4.2"]
[White "Malinovsky, Karel"]
[Black "Jurcik, Martin"]
[Result "1/2-1/2"]
[WhiteElo "2470"]
[BlackElo "2401"]
[PlyCount "50"]
[EventDate "2021.10.23"]
[EventType "team-tourn"]
[EventRounds "11"]
[EventCountry "SVK"]
[SourceTitle "EXT 2023"]
[Source "ChessBase"]
[SourceDate "2022.10.05"]
[SourceVersion "1"]
[SourceVersionDate "2022.10.05"]
[SourceQuality "1"]
[WhiteTeam "Bratislava Slovan"]
[BlackTeam "Zilina Mladost"]
[WhiteTeamCountry "SVK"]
[BlackTeamCountry "SVK"]

1. e4 e5 2. Nf3 Nc6 3. Bb5 Nge7 4. Nc3 Ng6 5. d4 Nxd4 6. Nxd4 exd4 7. Qxd4 c6 8. Be2 Qb6 9. Qd3 Be7 10. 0-0 0-0 11. a4 d6 12. Be3 Qa5 13. Bd2 Qc7 14. f4 Re8 15. Kh1 b6 16. Qc4 Bd8 17. Rad1 a6 18. Be1 b5 19. Qd4 Be7 20. f5 Ne5 21. f6 Bxf6 22. Rxf6 gxf6 23. Bh4 Bb7 24. Bxf6 Re6 25. Rf1 Rae8 1/2-1/2

[Event "SVK-chT 2122"]
[Site "Slovakia"]
[Date "2022.02.19"]
[Round "3.2"]
[White "Motuz, Karol"]
[Black "Malinovsky, Karel"]
[Result "1/2-1/2"]
[WhiteElo "2330"]
[BlackElo "2470"]
[PlyCount "42"]
[EventDate "2021.10.23"]
[EventType "team-tourn"]
[EventRounds "11"]
[EventCountry "SVK"]
[SourceTitle "EXT 2023"]
[Source "ChessBase"]
[SourceDate "2022.10.05"]
[SourceVersion "1"]
[SourceVersionDate "2022.10.05"]
[SourceQuality "1"]
[WhiteTeam "Dubnica nad Vahom"]
[BlackTeam "Bratislava Slovan"]
[WhiteTeamCountry "SVK"]
[BlackTeamCountry "SVK"]

1. d4 d5 2. c4 e6 3. Nf3 Nf6 4. g3 Be7 5. Bg2 0-0 6. 0-0 dxc4 7. Ne5 c5 8. dxc5 Qc7 9. Nxc4 Qxc5 10. b3 Rd8 11. Nbd2 Qc7 12. Bb2 Nc6 13. Rc1 Bd7 14. Ne5 Qa5 15. Ndc4 Qa6 16. Nd3 Be8 17. Nce5 Rac8 18. Nxc6 Bxc6 19. Bxc6 Rxc6 20. Rxc6 Qxc6 21. Qc1 Rc8 1/2-1/2

[Event "CZE-chT 2122"]
[Site "Czech Republic"]
[Date "2022.02.12"]
[Round "9.4"]
[White "Malinovsky, Karel"]
[Black "Polak, Tomas"]
[Result "0-1"]
[WhiteElo "2470"]
[BlackElo "2528"]
[PlyCount "54"]
[EventDate "2021.10.15"]
[EventType "team-tourn"]
[EventRounds "15"]
[EventCountry "CZE"]
[SourceTitle "EXT 2023"]
[Source "ChessBase"]
[SourceDate "2022.10.05"]
[SourceVersion "1"]
[SourceVersionDate "2022.10.05"]
[SourceQuality "1"]
[WhiteTeam "Kromeriz Slavia"]
[BlackTeam "Brno Moravska Slavia"]
[WhiteTeamCountry "CZE"]
[BlackTeamCountry "CZE"]

1. e4 c6 2. Nc3 d5 3. Nf3 Bg4 4. h3 Bh5 5. exd5 cxd5 6. g4 Bg6 7. Bb5+ Nc6 8. Ne5 Rc8 9. d4 e6 10. Qe2 Bb4 11. h4 Nge7 12. h5 Be4 13. f3 0-0 14. Nxc6 Nxc6 15. Be3 Qf6 16. fxe4 Nxd4 17. Bxd4 Qxd4 18. Rd1 Bxc3+ 19. bxc3 Qxc3+ 20. Kf1 dxe4 21. Qxe4 f5 22. Qxe6+ Kh8 23. Bd3 Qd4 24. Kg2 Qxg4+ 25. Kf2 Qf4+ 26. Kg2 Rfe8 27. Qd7 Rxc2+ 0-1

[Event "Marianske Lazne GM-A2 20th"]
[Site "Marianske Lazne"]
[Date "2022.01.21"]
[Round "8"]
[White "Finek, Vaclav"]
[Black "Malinovsky, Karel"]
[Result "1/2-1/2"]
[WhiteElo "2425"]
[BlackElo "2473"]
[PlyCount "47"]
[EventDate "2022.01.15"]
[EventType "tourn"]
[EventRounds "9"]
[EventCountry "CZE"]
[EventCategory "7"]
[SourceTitle "CBM 206 Extra"]
[Source "ChessBase"]
[SourceDate "2022.03.31"]
[SourceVersion "1"]
[SourceVersionDate "2022.03.31"]
[SourceQuality "1"]

1. d4 d5 2. c4 e6 3. Nf3 Nf6 4. g3 Be7 5. Bg2 0-0 6. 0-0 dxc4 7. Qc2 c6 8. Qxc4 b5 9. Qc2 Bb7 10. Rd1 Nbd7 11. Nc3 Rc8 12. Bg5 c5 13. Bxf6 Nxf6 14. Nxb5 Qb6 15. Nc3 Bxf3 16. dxc5 Bxc5 17. exf3 Bd4 18. f4 Ng4 19. Rd2 Rfd8 20. Re1 Rb8 21. Nd1 Rbc8 22. Nc3 Rb8 23. Nd1 Rbc8 24. Nc3 1/2-1/2

[Event "Marianske Lazne GM-A2 20th"]
[Site "Marianske Lazne"]
[Date "2022.01.15"]
[Round "1"]
[White "Sorm, Daniel"]
[Black "Malinovsky, Karel"]
[Result "1/2-1/2"]
[WhiteElo "2345"]
[BlackElo "2473"]
[PlyCount "47"]
[EventDate "2022.01.15"]
[EventType "tourn"]
[EventRounds "9"]
[EventCountry "CZE"]
[EventCategory "7"]
[SourceTitle "CBM 206 Extra"]
[Source "ChessBase"]
[SourceDate "2022.03.31"]
[SourceVersion "1"]
[SourceVersionDate "2022.03.31"]
[SourceQuality "1"]

1. c4 e6 2. d4 d5 3. Nc3 Be7 4. e3 Nf6 5. cxd5 exd5 6. Bd3 0-0 7. Nge2 b6 8. 0-0 Ba6 9. Bxa6 Nxa6 10. Qa4 Qc8 11. Nf4 Rd8 12. Rd1 c5 13. dxc5 Nxc5 14. Qb5 Qb7 15. Qe2 Ne6 16. Nxe6 fxe6 17. b3 a6 18. Bb2 Rac8 19. Rac1 b5 20. Nb1 Rxc1 21. Rxc1 Rc8 22. Qd1 Rc6 23. Nd2 Qc7 24. Rxc6 1/2-1/2

[Event "SVK-chT 2122"]
[Site "Slovakia"]
[Date "2021.10.23"]
[Round "1.1"]
[White "Malinovsky, Karel"]
[Black "Basso, Pier Luigi"]
[Result "1/2-1/2"]
[WhiteElo "2470"]
[BlackElo "2551"]
[PlyCount "129"]
[EventDate "2021.10.23"]
[EventType "team-tourn"]
[EventRounds "11"]
[EventCountry "SVK"]
[SourceTitle "CBM 204 Extra"]
[Source "ChessBase"]
[SourceDate "2021.11.30"]
[SourceVersion "1"]
[SourceVersionDate "2021.11.30"]
[SourceQuality "1"]
[WhiteTeam "Bratislava Slovan"]
[BlackTeam "Modra"]
[WhiteTeamCountry "SVK"]
[BlackTeamCountry "SVK"]

1. e4 e5 2. Nf3 Nc6 3. Bb5 a6 4. Ba4 Nf6 5. 0-0 Nxe4 6. d4 Be7 7. Qe2 b5 8. Bb3 d5 9. dxe5 Na5 10. Rd1 Bb7 11. Nbd2 Nxb3 12. cxb3 Qc8 13. Nf1 0-0 14. Be3 c5 15. b4 d4 16. Bf4 Qg4 17. Bg3 h5 18. h3 Qg6 19. Bh4 Rfe8 20. Bxe7 Rxe7 21. Nh4 Qg5 22. Nf3 Qg6 23. Nh4 Qg5 24. Nf3 Qf4 25. bxc5 Nxc5 26. N1h2 Rd8 27. Qd2 Qxd2 28. Rxd2 Ne6 29. h4 Rc7 30. Rad1 Rc5 31. Nxd4 Rxd4 32. Rxd4 Nxd4 33. Rxd4 Rxe5 34. Nf1 Re1 35. f3 g6 36. Kf2 Rb1 37. Rd2 Kg7 38. a3 Bc8 39. Ne3 Be6 40. Nd1 Rc1 41. Nc3 Bc4 42. Ne4 a5 43. Nd6 Kf6 44. Nb7 a4 45. Nc5 Kf5 46. Kg3 Rh1 47. Ne4 Ke5 48. Nd6 Rc1 49. Kf2 f5 50. g3 f4 51. Nxc4+ Rxc4 52. g4 Rd4 53. Rc2 Kd5 54. gxh5 gxh5 55. Ke2 Rc4 56. Kd3 Rd4+ 57. Ke2 b4 58. Rc8 bxa3 59. bxa3 Kd6 60. Rd8+ Kc5 61. Rxd4 Kxd4 62. Kd2 Kc4 63. Kc2 Kd4 64. Kd2 Kc4 65. Kc2 1/2-1/2

[Event "CZE-ch"]
[Site "Plzen"]
[Date "2020.08.28"]
[Round "6"]
[White "Malinovsky, Karel"]
[Black "Zeman, Matyas"]
[Result "1-0"]
[WhiteElo "2474"]
[BlackElo "2250"]
[PlyCount "89"]
[EventDate "2020.08.23"]
[EventType "swiss"]
[EventRounds "9"]
[EventCountry "CZE"]
[SourceTitle "CBM 198 Extra"]
[Source "ChessBase"]
[SourceDate "2020.11.30"]
[SourceVersion "1"]
[SourceVersionDate "2020.11.30"]
[SourceQuality "1"]

1. e4 e6 2. d4 d5 3. Nd2 c5 4. exd5 Qxd5 5. Ngf3 cxd4 6. Bc4 Qd6 7. 0-0 Nf6 8. Nb3 Nc6 9. Nbxd4 Nxd4 10. Nxd4 Be7 11. c3 0-0 12. Qf3 Qc7 13. Bd3 Bd7 14. Re1 Rfd8 15. Bg5 Bc6 16. Nxc6 bxc6 17. Rad1 Rab8 18. Bc1 Rd7 19. Bc2 Rbd8 20. Rxd7 Nxd7 21. h4 Nf6 22. g3 Qb6 23. Kg2 h5 24. Ba4 Ng4 25. Re2 Qa6 26. Bc2 Bf6 27. a3 Qc4 28. Qe4 Qd5 29. f3 Ne5 30. Rd2 Qxd2+ 31. Bxd2 Rxd2+ 32. Kf1 Nxf3 33. Qxf3 Rxc2 34. Qxc6 Rxb2 35. Qe8+ Kh7 36. Qxf7 Kh6 37. Qxe6 Rb6 38. Qe3+ Kh7 39. c4 g6 40. Qe8 Rb1+ 41. Kg2 Rb2+ 42. Kh3 Rc2 43. a4 a5 44. Qe4 Rc3 45. Qd5 1-0

[Event "Ceske Budejovice Clarion"]
[Site "Ceske Budejovice"]
[Date "2020.07.03"]
[Round "3"]
[White "Malinovsky, Karel"]
[Black "Stefansson, Hannes"]
[Result "1-0"]
[WhiteElo "2456"]
[BlackElo "2542"]
[PlyCount "91"]
[EventDate "2020.07.01"]
[EventType "tourn"]
[EventRounds "9"]
[EventCountry "CZE"]
[EventCategory "10"]
[SourceTitle "CBM 197 Extra"]
[Source "ChessBase"]
[SourceDate "2020.09.30"]
[SourceVersion "1"]
[SourceVersionDate "2020.09.30"]
[SourceQuality "1"]

1. e4 e5 2. Nf3 Nc6 3. Bb5 a6 4. Ba4 Nf6 5. 0-0 b5 6. Bb3 Bc5 7. c3 d6 8. d4 Bb6 9. Be3 Bg4 10. d5 Bxe3 11. fxe3 Na5 12. Nbd2 Nxb3 13. Qxb3 0-0 14. a4 Qb8 15. h3 Bd7 16. a5 Qa7 17. Rae1 Ne8 18. Kh2 g6 19. Re2 Ng7 20. Ne1 c5 21. dxc6 Be6 22. Qa3 Qc7 23. Nd3 Qxc6 24. Nb4 Qb7 25. Ref2 Rad8 26. b3 f5 27. c4 Rf7 28. Nd5 Ne8 29. Qb4 bxc4 30. Qxb7 Rxb7 31. bxc4 Bxd5 32. cxd5 Ng7 33. g4 fxg4 34. hxg4 Rc7 35. Rb1 Rf8 36. Rxf8+ Kxf8 37. Kg3 Rc2 38. Nf3 Re2 39. Ng5 h5 40. Rf1+ Kg8 41. Ne6 Rxe3+ 42. Kh4 Nxe6 43. dxe6 Rc3 44. gxh5 gxh5 45. Kxh5 Rh3+ 46. Kg6 1-0